La nueva economía internacional
Saved in:
| Main Authors: | , |
|---|---|
| Format: | Bog |
| Sprog: | spansk |
| Udgivet: |
Buenos Aires
Fraterna
1983
|
| Fag: | |
| Tags: |
Tilføj Tag
Ingen Tags, Vær først til at tagge denne postø!
|
MARC
| LEADER | 00000nam a2200000 a 4500 | ||
|---|---|---|---|
| 001 | UCR8394 | ||
| 003 | CL-VaPUC | ||
| 008 | 980529e19830000ag |||||||||||||||||spa|d | ||
| 082 | 0 | 4 | |a 382 |b HOG |2 21 |
| 100 | 0 | |a Hogendorn, Jan S |e author |9 410058 | |
| 700 | 0 | |a Brown, Wilson B |e author |9 410059 | |
| 245 | 1 | 3 | |a La nueva economía internacional |
| 300 | |a 2 v | ||
| 942 | |c BK | ||
| 945 | |d 19980529 00:00:00 |a cmena | ||
| 260 | |a Buenos Aires |b Fraterna |c 1983 | ||
| 650 | 0 | |a Economía internacional |9 258254 | |
| 650 | 7 | |a COMERCIO INTERNACIONAL |2 CL-VaPUC |9 410060 | |
| 650 | 7 | |a TEORIA DE LOS PRECIOS |2 CL-VaPUC |9 409183 | |
| 650 | 7 | |a POLITICA MONETARIA INTERNACIONAL |2 CL-VaPUC |9 410061 | |
| 650 | 0 | |a Inversiones |9 345867 | |
| 650 | 7 | |a INTEGRACION ECONOMICA INTERNACIONAL |2 CL-VaPUC |9 255243 | |
| 583 | |a last modification |c 20171011 12:41:02 |k Rodrigo Vera | ||
| 999 | |c 269799 |d 269797 | ||
| 952 | |0 0 |1 0 |4 0 |6 382_000000000000000_HOG_1983 |7 0 |8 A |9 303812 |a BIBENE |b BIBENE |d 2019-11-20 |h v.1 |i 1406124 |o 382 HOG 1983 |p 1406124 |r 2025-01-15 |w 2019-11-20 |y BK |k ICO | ||
| 952 | |0 0 |1 0 |4 0 |6 382_000000000000000_HOG_1983 |7 0 |8 A |9 303813 |a BIBENE |b BIBENE |d 2019-11-20 |h v.2 |i 1406132 |o 382 HOG 1983 |p 1406132 |r 2025-01-15 |w 2019-11-20 |y BK |k ICO | ||